000 00963nam a2200313Ia 4500
008 160803s9999 xx 000 0 und d
020 _a9780439183062
100 _aCorey, Sharon
245 _aPlayers in pigtails /
245 _cby Shana Corey ; illustrated by Rebecca Gibbon.
250 _aFirst Bookshelf edition.
260 _aNew York :
260 _bScholastic Inc.
260 _c2003
300 _a32 unnumbered pages :
300 _bcolor illustrations ;
300 _c26 cm.
440 _aScholastic Bookshelf.
500 _aOriginally published: New York : Scholastic Press, c2003.
650 _aAll-American Girls Professional Baseball League -- History --
650 _aAll-American Girls Professional Baseball League -- History --
650 _aBaseball -- History --
650 _aSex role --
650 _xFiction.
650 _xFiction.
650 _xFiction.
650 _xJuvenile fiction.
700 _a350
999 _c298931
_d298931